<?xml version="1.0" encoding="UTF-8"?>
<marc:record xmlns:marc="http://www.loc.gov/MARC21/slim">
   <marc:leader>00000nam a2200000 a 4500</marc:leader>
   <marc:datafield ind1="1" ind2=" " tag="100">
      <marc:subfield code="a">French, Dawn</marc:subfield>
      <marc:subfield code="4">aut</marc:subfield>
      <marc:subfield code="e">Verfasser/-in</marc:subfield>
   </marc:datafield>
   <marc:datafield ind1="0" ind2="0" tag="245">
      <marc:subfield code="a">Irgendwas geht immer</marc:subfield>
   </marc:datafield>
   <marc:datafield ind1="0" ind2="0" tag="245">
      <marc:subfield code="b">Roman</marc:subfield>
   </marc:datafield>
   <marc:datafield ind1=" " ind2="1" tag="264">
      <marc:subfield code="a">Berlin</marc:subfield>
      <marc:subfield code="b">Ullstein</marc:subfield>
      <marc:subfield code="c">2012</marc:subfield>
   </marc:datafield>
   <marc:datafield ind1="1" ind2=" " tag="520">
      <marc:subfield code="a">Angaben aus der Verlagsmeldung

Irgendwas geht immer A Tiny Bit Marvellous / von Dawn French

Niemand geht einem so sehr auf die Nerven wie die Familie. Und nichts ist unterhaltsamer, als festzustellen, dass es anderen genauso geht. So wie den Battles! Mutter Mo, eine Kinderpsychologin, steht fassungslos vor ihren pubertierenden Kindern. Tochter Dawn findet ihre Familie schrecklich peinlich. Sohn Peter ist in Oscar Wilde verliebt – und benimmt sich leider auch so. Und ja, einen Ehemann gibt es auch: Mo nennt ihn liebevoll »Ich-muss-noch-was-arbeiten!«. Keiner versteht den anderen oder redet vernünftig. Bis es hart auf hart kommt. Als sich ein fieser Betrüger in ihr Leben schleicht, halten alle zusammen – sogar der Hund.
</marc:subfield>
   </marc:datafield>
   <marc:datafield ind1=" " ind2=" " tag="020">
      <marc:subfield code="a">9783548283777</marc:subfield>
      <marc:subfield code="9">9783548283777</marc:subfield>
   </marc:datafield>
   <marc:datafield ind1=" " ind2=" " tag="020">
      <marc:subfield code="a">3548283772</marc:subfield>
      <marc:subfield code="9">3548283772</marc:subfield>
   </marc:datafield>
   <marc:datafield ind1=" " ind2=" " tag="041">
      <marc:subfield code="a">ger</marc:subfield>
   </marc:datafield>
   <marc:datafield ind1=" " ind2=" " tag="300">
      <marc:subfield code="a">361 S.</marc:subfield>
   </marc:datafield>
</marc:record>
